[Event "Pozarevac Rudar IM 11"]
[Site "Pozarevac"]
[Date "2023.10.31"]
[Round "2.1"]
[White "Milosevic, Aleksandar"]
[Black "Djokic, Nebojsa"]
[Result "1/2-1/2"]
[WhiteElo "2162"]
[BlackElo "2190"]
[PlyCount "24"]
[EventDate "2023.10.30"]
[EventType "tourn"]
[EventRounds "9"]
[EventCountry "SRB"]
[SourceTitle "CB46_2023"]
[SourceDate "2023.11.15"]
[SourceVersion "1"]
[SourceVersionDate "2023.11.15"]
[SourceQuality "1"]

1. Nf3 Nf6 2. c4 g6 3. Nc3 Bg7 4. e4 d6 5. d4 0-0 6. Be2 e5 7. 0-0 exd4 8. Nxd4 Re8 9. f3 c6 10. Kh1 Nbd7 11. Bg5 Qb6 12. Nb3 a5 1/2-1/2

[Event "Pozarevac Rudar Nesic Memorial 9th"]
[Site "Pozarevac"]
[Date "2023.01.30"]
[Round "7"]
[White "Tekeyev, Zaur"]
[Black "Djokic, Nebojsa"]
[Result "1-0"]
[WhiteElo "2394"]
[BlackElo "2184"]
[PlyCount "75"]
[EventDate "2023.01.25"]
[EventType "tourn"]
[EventRounds "9"]
[EventCountry "SRB"]
[SourceTitle "CBM 212 Extra"]
[Source "ChessBase"]
[SourceDate "2023.03.31"]
[SourceVersion "1"]
[SourceVersionDate "2023.03.31"]
[SourceQuality "1"]

1. d4 Nf6 2. Nf3 g6 3. Bg5 Bg7 4. Nbd2 0-0 5. c3 h6 6. Bh4 d6 7. e4 Qe8 8. Bd3 Nc6 9. 0-0 e5 10. dxe5 dxe5 11. b4 Nh5 12. Re1 Nf4 13. Bf1 Bg4 14. h3 Be6 15. Qc2 g5 16. Bg3 Qe7 17. Nc4 Qf6 18. b5 Bxc4 19. Bxc4 Na5 20. Nd2 Rfd8 21. Be2 Qb6 22. Nf1 Qc5 23. Ne3 Nxe2+ 24. Qxe2 Rd7 25. h4 f6 26. Rad1 Rad8 27. Rxd7 Rxd7 28. Rd1 Rxd1+ 29. Qxd1 Qd6 30. Qh5 Qd7 31. Ng4 Nc4 32. Nxh6+ Bxh6 33. Qxh6 Qg7 34. Qh5 Nd6 35. hxg5 Qxg5 36. Qxg5+ fxg5 37. Bxe5 Nxe4 38. f3 1-0

[Event "Pozarevac Rudar 5th"]
[Site "Pozarevac"]
[Date "2022.08.25"]
[Round "5"]
[White "Djokic, Nebojsa"]
[Black "Harshini, A."]
[Result "1/2-1/2"]
[WhiteElo "2178"]
[BlackElo "2116"]
[PlyCount "35"]
[EventDate "2022.08.22"]
[EventType "tourn"]
[EventRounds "9"]
[EventCountry "SRB"]
[SourceTitle "CBM 209 Extra"]
[Source "ChessBase"]
[SourceDate "2022.09.30"]
[SourceVersion "1"]
[SourceVersionDate "2022.09.30"]
[SourceQuality "1"]

1. e4 e5 2. Nf3 Nc6 3. Bb5 a6 4. Ba4 Nf6 5. 0-0 Nxe4 6. d4 b5 7. Bb3 d5 8. dxe5 Be6 9. Nbd2 Bc5 10. Qe2 Nxd2 11. Bxd2 0-0 12. Be3 Bxe3 13. Qxe3 Qe7 14. c3 Na5 15. Nd4 c5 16. Nxe6 fxe6 17. f4 Rad8 18. Rad1 1/2-1/2

[Event "Pozarevac Rudar 5th"]
[Site "Pozarevac"]
[Date "2022.08.24"]
[Round "4"]
[White "Sanz Wawer, Daniel"]
[Black "Djokic, Nebojsa"]
[Result "1-0"]
[WhiteElo "2289"]
[BlackElo "2178"]
[PlyCount "61"]
[EventDate "2022.08.22"]
[EventType "tourn"]
[EventRounds "9"]
[EventCountry "SRB"]
[SourceTitle "CBM 209 Extra"]
[Source "ChessBase"]
[SourceDate "2022.09.30"]
[SourceVersion "1"]
[SourceVersionDate "2022.09.30"]
[SourceQuality "1"]

1. e4 c5 2. Nf3 Nc6 3. Bb5 Nf6 4. Bxc6 dxc6 5. Nc3 Bg4 6. h3 Bh5 7. d3 Nd7 8. Be3 e5 9. Qe2 Bd6 10. g4 Bg6 11. Nd2 Nf8 12. 0-0-0 Ne6 13. f3 a5 14. Qf2 a4 15. Nc4 b5 16. Nxd6+ Qxd6 17. Ne2 f6 18. Ng3 b4 19. Nf5 Bxf5 20. gxf5 Nd4 21. Kb1 0-0 22. Rhg1 Rfb8 23. f4 b3 24. cxb3 a3 25. fxe5 Qxe5 26. Bf4 Qe8 27. Bxb8 Qxb8 28. e5 Qxe5 29. Rde1 Qxf5 30. Qxf5 Nxf5 31. Ref1 1-0

[Event "Paracin Winter Amateur"]
[Site "Paracin"]
[Date "2021.01.30"]
[Round "2"]
[White "Djokic, Nebojsa"]
[Black "Baisynov, Islam"]
[Result "1-0"]
[WhiteElo "2211"]
[BlackElo "1956"]
[PlyCount "91"]
[EventDate "2021.01.29"]
[EventType "swiss"]
[EventRounds "9"]
[EventCountry "SRB"]
[SourceTitle "EXT 2022"]
[Source "ChessBase"]
[SourceDate "2021.10.06"]
[SourceVersion "1"]
[SourceVersionDate "2021.10.06"]
[SourceQuality "1"]

1. e4 e5 2. Nf3 Nc6 3. Bb5 Nf6 4. d3 d6 5. 0-0 Be7 6. c3 0-0 7. Re1 a6 8. Ba4 b5 9. Bc2 Bg4 10. h3 Bh5 11. Nbd2 Re8 12. Nf1 Bg6 13. Ng3 Bf8 14. a4 b4 15. a5 bxc3 16. bxc3 Na7 17. Bg5 h6 18. Be3 c5 19. Ba4 Nb5 20. Bd2 Re7 21. Nh4 Kh7 22. Nhf5 Rc7 23. c4 Nd4 24. Nxd4 cxd4 25. f4 Kh8 26. f5 Bh7 27. Rb1 Nd7 28. Bxd7 Qxd7 29. Rb6 Rb7 30. Qb3 Rab8 31. Rb1 Rxb6 32. axb6 Qb7 33. Qa4 Bg8 34. f6 Bh7 35. Nh5 Bg6 36. fxg7+ Bxg7 37. Nxg7 Kxg7 38. Qa3 Rd8 39. c5 d5 40. Qc1 Rc8 41. c6 Rxc6 42. Qxc6 Qxc6 43. b7 Qc2 44. b8Q Qxd2 45. Qxe5+ Kh7 46. Rb8 1-0

[Event "Paracin Amateur op"]
[Site "Paracin"]
[Date "2020.02.05"]
[Round "8"]
[White "Garic, Radomir"]
[Black "Djokic, Nebojsa"]
[Result "1/2-1/2"]
[WhiteElo "2261"]
[BlackElo "2220"]
[PlyCount "127"]
[EventDate "2020.01.31"]
[EventType "swiss"]
[EventRounds "9"]
[EventCountry "SRB"]
[SourceTitle "CBM 194 Extra"]
[Source "ChessBase"]
[SourceDate "2020.03.31"]
[SourceVersion "1"]
[SourceVersionDate "2020.03.31"]
[SourceQuality "1"]

1. e4 c5 2. Nf3 Nc6 3. Bb5 g6 4. 0-0 Bg7 5. Re1 Nf6 6. c3 0-0 7. h3 d5 8. e5 Ne8 9. d4 cxd4 10. cxd4 Nc7 11. Ba4 b5 12. Bb3 a5 13. a4 b4 14. Be3 Ne6 15. Nbd2 Ba6 16. Rc1 Qd7 17. Ba2 Rfc8 18. Nb3 Bc4 19. Bb1 Bxb3 20. Qxb3 Na7 21. Bd3 Qb7 22. h4 Rxc1 23. Rxc1 Rc8 24. Rxc8+ Nxc8 25. h5 Nb6 26. hxg6 hxg6 27. Qc2 Qc7 28. Qxc7 Nxc7 29. b3 Ne6 30. Ne1 Kh7 31. f4 Bh6 32. g3 Nc7 33. Kf2 e6 34. Nf3 Kg8 35. Ke2 Nc8 36. Ne1 Bf8 37. g4 Be7 38. Bf2 Kf8 39. Ke3 Ke8 40. Nf3 Kf8 41. Bf1 Nb6 42. Kd3 Ke8 43. Ke3 Kf8 44. Bh3 Ke8 45. Kd3 Kf8 46. Ne1 Ke8 47. Bf1 Kf8 48. Ke3 Ke8 49. Bd3 Kf8 50. Bg3 Ke8 51. Nf3 Kd8 52. Bh4 Ke8 53. Bxe7 Kxe7 54. Nh4 Kf8 55. Nf3 Ke7 56. Bf1 Kf8 57. Ne1 Ke7 58. Nd3 Nd7 59. Bh3 Kd8 60. f5 gxf5 61. gxf5 exf5 62. Bxf5 Ne6 63. Nf4 Nxf4 64. Kxf4 1/2-1/2

[Event "Paracin Amateur op"]
[Site "Paracin"]
[Date "2020.02.01"]
[Round "3"]
[White "Djokic, Nebojsa"]
[Black "Djokic, Slavoljub"]
[Result "1/2-1/2"]
[WhiteElo "2220"]
[BlackElo "2109"]
[PlyCount "135"]
[EventDate "2020.01.31"]
[EventType "swiss"]
[EventRounds "9"]
[EventCountry "SRB"]
[SourceTitle "CBM 194 Extra"]
[Source "ChessBase"]
[SourceDate "2020.03.31"]
[SourceVersion "1"]
[SourceVersionDate "2020.03.31"]
[SourceQuality "1"]

1. e4 d5 2. exd5 Qxd5 3. Nc3 Qa5 4. d4 c6 5. Nf3 Bg4 6. h3 Bxf3 7. Qxf3 Nf6 8. Bd2 Qd8 9. 0-0-0 e6 10. Bg5 Be7 11. Bc4 0-0 12. Rhe1 Nbd7 13. Kb1 Bb4 14. a3 Bxc3 15. Qxc3 h6 16. Bc1 Nd5 17. Qf3 b5 18. Bb3 N7b6 19. g4 a5 20. g5 hxg5 21. Qg3 a4 22. Bxg5 Qc7 23. Ba2 Qxg3 24. fxg3 f6 25. Bc1 Kf7 26. h4 Rae8 27. c3 e5 28. dxe5 Rxe5 29. Bf4 Rxe1 30. Rxe1 Re8 31. Rxe8 Kxe8 32. Bb8 Nc4 33. Kc1 Kd7 34. Ba7 Ndb6 35. Bb1 Kc7 36. Bd3 Kb7 37. Bxc4 Kxa7 38. Be6 Kb7 39. Kd2 Kc7 40. Ke3 Kd6 41. Bg8 Ke5 42. Kd3 Kd6 43. Ke4 Nd7 44. c4 bxc4 45. Bxc4 Ne5 46. Kd4 c5+ 47. Kc3 Kc6 48. b3 axb3 49. Kxb3 Kb6 50. Be2 Ka5 51. Bd1 Kb6 52. g4 Ng6 53. h5 Ne5 54. Kc3 Ka6 55. Kd2 Nc4+ 56. Kd3 Nxa3 57. Ke4 Nc4 58. Kf5 Ne3+ 59. Kg6 Nxd1 60. Kxg7 c4 61. h6 c3 62. h7 c2 63. h8Q c1Q 64. Qa8+ Kb6 65. Qb8+ Ka5 66. Qd8+ Kb5 67. Qxf6 Nc3 68. Qe5+ 1/2-1/2

[Event "SRB-chT 2nd League East"]
[Site "Knic"]
[Date "2019.09.06"]
[Round "1.2"]
[White "Djokic, Nebojsa"]
[Black "Zlatanovic, Zoran"]
[Result "0-1"]
[WhiteElo "2240"]
[BlackElo "2032"]
[PlyCount "90"]
[EventDate "2019.09.06"]
[EventType "team-tourn"]
[EventRounds "11"]
[EventCountry "SRB"]
[SourceTitle "EXT 2020"]
[Source "ChessBase"]
[SourceDate "2019.10.17"]
[SourceVersion "1"]
[SourceVersionDate "2019.10.17"]
[SourceQuality "1"]
[WhiteTeam "Veliko Gradiste"]
[BlackTeam "Bor Bakar"]
[WhiteTeamCountry "SRB"]
[BlackTeamCountry "SRB"]

1. e4 e5 2. Nf3 Nf6 3. Bb5 a6 4. Ba4 Nc6 5. 0-0 b5 6. Bb3 Be7 7. Re1 d6 8. c3 0-0 9. d4 h6 10. a4 Bb7 11. a5 Re8 12. Nbd2 Bf8 13. Bc2 exd4 14. cxd4 Nb4 15. Bb1 c5 16. d5 g6 17. Nf1 Bg7 18. Bd2 Nfxd5 19. exd5 Bxb2 20. Ba2 Rxe1 21. Nxe1 Bxa1 22. Qxa1 Kh7 23. Ne3 Nxa2 24. Ng4 g5 25. Qxa2 f5 26. Qc2 Kg6 27. Ne3 Qf6 28. Bc3 Qf7 29. g4 Bc8 30. N1g2 Bd7 31. h4 Rf8 32. f4 gxf4 33. Nxf4+ Kh7 34. g5 Qe7 35. Ng4 hxg5 36. Nh5 Kg6 37. Nhf6 Rxf6 38. h5+ Kf7 39. Nxf6 b4 40. Bb2 Qe1+ 41. Kg2 Bb5 42. Qxf5 Qe2+ 43. Qf2 Bd3 44. Kg3 Bf5 45. Ne4 Qxe4 0-1

[Event "SRB-chT2 East"]
[Site "Serbia"]
[Date "2017.09.10"]
[Round "5.4"]
[White "Milosevic, Aleksandar"]
[Black "Djokic, Nebojsa"]
[Result "1/2-1/2"]
[WhiteElo "2272"]
[BlackElo "2209"]
[PlyCount "21"]
[EventDate "2017.09.08"]
[EventType "team-tourn"]
[EventRounds "11"]
[EventCountry "SRB"]
[SourceTitle "EXT 2022"]
[Source "ChessBase"]
[SourceDate "2021.10.06"]
[SourceVersion "1"]
[SourceVersionDate "2021.10.06"]
[SourceQuality "1"]

1. Nf3 Nf6 2. c4 g6 3. Nc3 Bg7 4. e4 d6 5. d4 0-0 6. Be2 e5 7. 0-0 Nc6 8. d5 Ne7 9. b4 a5 10. Ba3 axb4 11. Bxb4 1/2-1/2

[Event "SRB-chT2 East"]
[Site "Serbia"]
[Date "2017.09.09"]
[Round "3.4"]
[White "Gajovic, Dragan"]
[Black "Djokic, Nebojsa"]
[Result "0-1"]
[WhiteElo "2141"]
[BlackElo "2209"]
[PlyCount "56"]
[EventDate "2017.09.08"]
[EventType "team-tourn"]
[EventRounds "11"]
[EventCountry "SRB"]
[SourceTitle "EXT 2022"]
[Source "ChessBase"]
[SourceDate "2021.10.06"]
[SourceVersion "1"]
[SourceVersionDate "2021.10.06"]
[SourceQuality "1"]

1. e4 c5 2. Nc3 Nc6 3. g3 g6 4. Bg2 Bg7 5. Nge2 e6 6. d3 Nge7 7. Bg5 Nd4 8. Qd2 h6 9. Bf4 e5 10. Be3 d6 11. 0-0 Bh3 12. f4 Qd7 13. fxe5 dxe5 14. Rf2 Be6 15. Raf1 f6 16. b3 0-0-0 17. Na4 b6 18. Nc1 Kb8 19. c4 h5 20. Nc3 h4 21. Nd5 hxg3 22. hxg3 Nxd5 23. cxd5 Bh3 24. b4 Qg4 25. bxc5 Qxg3 26. c6 Bg4 27. Re1 Rh2 28. Bf4 Rxg2+ 0-1

[Event "Veliko Gradiste Silver Lake op-A"]
[Site "Veliko Gradiste"]
[Date "2017.06.25"]
[Round "9"]
[White "Djokic, Nebojsa"]
[Black "Akdogan, Alperen"]
[Result "0-1"]
[WhiteElo "2236"]
[BlackElo "2068"]
[PlyCount "102"]
[EventDate "2017.06.18"]
[EventType "swiss"]
[EventRounds "9"]
[EventCountry "SRB"]
[SourceTitle "EXT 2018"]
[Source "ChessBase"]
[SourceDate "2017.10.13"]
[SourceVersion "1"]
[SourceVersionDate "2017.10.13"]
[SourceQuality "1"]

1. e4 d5 2. exd5 Qxd5 3. Nc3 Qd6 4. d4 Nf6 5. Nf3 Bg4 6. h3 Bh5 7. g4 Bg6 8. Ne5 Nbd7 9. Nxg6 hxg6 10. Bg2 c6 11. 0-0 e6 12. Re1 Nb6 13. Ne2 Qc7 14. a4 a5 15. c3 Bd6 16. Qb3 0-0 17. c4 c5 18. Be3 Nbd7 19. Qxb7 Qxb7 20. Bxb7 Rab8 21. Bc6 Rxb2 22. g5 Nb8 23. Bf3 Nfd7 24. Nc3 cxd4 25. Bxd4 Rb4 26. Nb5 Bf4 27. c5 e5 28. Bc3 Rc4 29. Bxa5 Nxc5 30. Bc7 Nba6 31. Bd6 Rd8 32. a5 Rb4 33. Be7 Rd2 34. Nc7 Rbb2 35. Nxa6 Nxa6 36. Ba3 Ra2 37. Bc1 Rxa1 38. Bxd2 Ra3 39. Bxf4 exf4 40. Re8+ Kh7 41. Ra8 Rxf3 42. Rxa6 Rxh3 43. Kg2 Rh5 44. Kf3 Rxg5 45. Kxf4 Rb5 46. Ke4 g5 47. Kd4 Rf5 48. Kc4 Rxf2 49. Rd6 g4 50. Rd3 Rg2 51. Kb4 f5 0-1

[Event "Veliko Gradiste Silver Lake op-A"]
[Site "Veliko Gradiste"]
[Date "2017.06.23"]
[Round "7"]
[White "Djokic, Nebojsa"]
[Black "Elgersma, Simon"]
[Result "1-0"]
[WhiteElo "2236"]
[BlackElo "2142"]
[PlyCount "219"]
[EventDate "2017.06.18"]
[EventType "swiss"]
[EventRounds "9"]
[EventCountry "SRB"]
[SourceTitle "CBM 179 Extra"]
[Source "ChessBase"]
[SourceDate "2017.08.23"]
[SourceVersion "1"]
[SourceVersionDate "2017.08.23"]
[SourceQuality "1"]

1. e4 e6 2. d4 d5 3. Nc3 Nf6 4. e5 Nfd7 5. f4 c5 6. Nf3 Nc6 7. Be3 Be7 8. Qd2 0-0 9. dxc5 Nxc5 10. 0-0-0 a6 11. Nd4 Qc7 12. Kb1 b5 13. Bd3 b4 14. Nxc6 Qxc6 15. Ne2 a5 16. Nd4 Qc7 17. h4 a4 18. b3 axb3 19. cxb3 Ba6 20. Rc1 Qa5 21. Bxa6 Rxa6 22. a4 Ne4 23. Qd3 Nc3+ 24. Kb2 Bc5 25. Nc2 Bxe3 26. Qxe3 Rc6 27. Nd4 Qb6 28. Rhe1 Rc7 29. Nc2 Qxe3 30. Rxe3 Rfc8 31. Ree1 Na2 32. Kxa2 Rxc2+ 33. Kb1 R2c3 34. Rxc3 Rxc3 35. Kb2 Kf8 36. Rd1 Rc8 37. h5 Ke7 38. Rd4 Rb8 39. Kc2 g6 40. h6 Kd7 41. Kd2 Kc6 42. Ke3 Kc5 43. Rd2 Kb6 44. Rc2 Rg8 45. g4 g5 46. fxg5 Rxg5 47. Kf4 Rg8 48. g5 Rd8 49. Rf2 d4 50. Ke4 d3 51. Rd2 Rg8 52. Rxd3 Rxg5 53. Rd6+ Kc5 54. Rd8 Rh5 55. Rc8+ Kb6 56. Rb8+ Kc7 57. Rf8 Rxh6 58. Rxf7+ Kc6 59. Kd4 Rh4+ 60. Kd3 Rh3+ 61. Kc4 Rh4+ 62. Kd3 Kd5 63. Rd7+ Kc5 64. Rc7+ Kd5 65. Rd7+ Kc5 66. Rc7+ Kd5 67. Rb7 Kc6 68. Rb8 Rh3+ 69. Kc4 Rh4+ 70. Kd3 Rh3+ 71. Kc2 Rh2+ 72. Kd1 Kc5 73. Rb5+ Kd4 74. Rxb4+ Kd3 75. Ke1 Ke3 76. Kf1 Kf3 77. Kg1 Rg2+ 78. Kf1 Rh2 79. Ke1 Ke3 80. Kf1 Kf3 81. Kg1 Rg2+ 82. Kh1 Rg5 83. Rc4 Rxe5 84. b4 Kf2 85. Rc2+ Kg3 86. Rc1 Kf2 87. Rc2+ Kg3 88. Rg2+ Kf3 89. Kh2 Re4 90. Rb2 Rh4+ 91. Kg1 Rg4+ 92. Kf1 Rc4 93. Rb3+ Ke4 94. a5 Kd5 95. b5 Rc1+ 96. Ke2 Rc2+ 97. Kd1 Rc8 98. b6 Kc6 99. b7 Rd8+ 100. Ke2 Kc7 101. a6 Kb8 102. Rb6 Re8 103. Ke3 Ka7 104. Rc6 Kb8 105. Ke4 h5 106. Ke5 h4 107. Kd6 Rh8 108. Kc5 Ka7 109. Rc8 Rh5+ 110. Kb4 1-0

[Event "Veliko Gradiste Silver Lake op-A"]
[Site "Veliko Gradiste"]
[Date "2017.06.18"]
[Round "1"]
[White "Djokic, Nebojsa"]
[Black "Nestorovic, Nikola"]
[Result "0-1"]
[WhiteElo "2236"]
[BlackElo "2509"]
[PlyCount "52"]
[EventDate "2017.06.18"]
[EventType "swiss"]
[EventRounds "9"]
[EventCountry "SRB"]
[SourceTitle "CBM 179 Extra"]
[Source "ChessBase"]
[SourceDate "2017.08.23"]
[SourceVersion "1"]
[SourceVersionDate "2017.08.23"]
[SourceQuality "1"]

1. e4 e5 2. Nf3 Nc6 3. Bb5 Nge7 4. Nc3 d6 5. d4 a6 6. Ba4 b5 7. Bb3 Nxd4 8. Nxd4 exd4 9. Qf3 Be6 10. Ne2 c5 11. Bxe6 fxe6 12. Nf4 Qd7 13. Qh3 0-0-0 14. a4 b4 15. Nxe6 Re8 16. 0-0 Ng6 17. Qd3 Rxe6 18. f4 Qc6 19. c3 Rxe4 20. cxb4 c4 21. Qf3 d5 22. b5 Qd7 23. Bd2 Bc5 24. Rfc1 d3+ 25. Kh1 Nh4 26. Qh5 Nxg2 0-1

[Event "SRB-chT2 East CS"]
[Site "Kragujevac"]
[Date "2016.08.28"]
[Round "4.33"]
[White "Djokic, Nebojsa"]
[Black "Dodic, Dragan"]
[Result "1/2-1/2"]
[WhiteElo "2231"]
[BlackElo "2042"]
[PlyCount "72"]
[EventDate "2016.08.26"]
[EventType "team-tourn"]
[EventRounds "11"]
[EventCountry "SRB"]
[SourceTitle "EXT 2021"]
[Source "ChessBase"]
[SourceDate "2020.10.23"]
[SourceVersion "1"]
[SourceVersionDate "2020.10.23"]
[SourceQuality "1"]

1. e4 c6 2. d4 d5 3. Nc3 dxe4 4. Nxe4 Nd7 5. Ng5 Ndf6 6. Bc4 e6 7. N1f3 Bd6 8. Qe2 Nd5 9. Ne5 Nh6 10. Ne4 Nf5 11. c3 Bxe5 12. dxe5 h5 13. 0-0 Qc7 14. Ng3 Qe7 15. Nxf5 exf5 16. Bxd5 cxd5 17. Qb5+ Qd7 18. Qc5 Qc6 19. Qa3 b6 20. Bg5 Qc5 21. b4 Qc7 22. b5 Be6 23. Rfd1 Qc5 24. Qxc5 bxc5 25. Be3 Rc8 26. a4 Kd7 27. a5 Rc7 28. Rdb1 Rb8 29. h3 f4 30. b6 axb6 31. axb6 Rc6 32. Ra7+ Kc8 33. Bxf4 Rcxb6 34. Rxb6 Rxb6 35. Be3 Rb3 36. Ra5 Rxc3 1/2-1/2

[Event "SRB-chT2 East CS"]
[Site "Kragujevac"]
[Date "2016.08.27"]
[Round "3.13"]
[White "Djokic, Nebojsa"]
[Black "Mickovic, Slavisa"]
[Result "1-0"]
[WhiteElo "2231"]
[BlackElo "2150"]
[PlyCount "73"]
[EventDate "2016.08.26"]
[EventType "team-tourn"]
[EventRounds "11"]
[EventCountry "SRB"]
[SourceTitle "EXT 2021"]
[Source "ChessBase"]
[SourceDate "2020.10.23"]
[SourceVersion "1"]
[SourceVersionDate "2020.10.23"]
[SourceQuality "1"]

1. e4 e5 2. Nf3 Qe7 3. Nc3 c6 4. Bc4 d6 5. 0-0 Bg4 6. h3 Bh5 7. g4 Bg6 8. d4 h5 9. dxe5 dxe5 10. g5 h4 11. a4 Nd7 12. b3 0-0-0 13. Qe2 Qe8 14. Be3 Nc5 15. b4 Nxe4 16. Nxe4 Bxe4 17. Bxa7 f5 18. Bb6 Rd6 19. Nd2 Bd5 20. a5 Qh5 21. Qe3 Rg6 22. Bxd5 cxd5 23. f4 Bxb4 24. Qxe5 Rc6 25. Qxf5+ Kb8 26. Qe5+ Bd6 27. Qxd5 Ne7 28. Qd3 Ng6 29. Be3 Re8 30. Ne4 Bc7 31. Qd4 Qe2 32. Rfe1 Qf3 33. Qa7+ Kc8 34. a6 Rxa6 35. Rxa6 bxa6 36. Qa8+ Bb8 37. Nd6+ 1-0

[Event "Veliko Gradiste Silver Lake op"]
[Site "Veliko Gradiste"]
[Date "2016.06.23"]
[Round "6"]
[White "Djokic, Nebojsa"]
[Black "Zlatin, Alexander"]
[Result "1/2-1/2"]
[WhiteElo "2265"]
[BlackElo "2120"]
[PlyCount "102"]
[EventDate "2016.06.19"]
[EventType "swiss"]
[EventRounds "9"]
[EventCountry "SRB"]
[SourceTitle "EXT 2017"]
[Source "ChessBase"]
[SourceDate "2016.10.25"]
[SourceVersion "1"]
[SourceVersionDate "2016.10.25"]
[SourceQuality "1"]

1. e4 e5 2. Nf3 Nc6 3. Bb5 a6 4. Ba4 Nf6 5. 0-0 b5 6. Bb3 Bc5 7. c3 d6 8. a4 Rb8 9. d4 Bb6 10. a5 Ba7 11. h3 h6 12. dxe5 Nxe5 13. Nxe5 dxe5 14. Qxd8+ Kxd8 15. Bxf7 Nxe4 16. Be3 Bxe3 17. fxe3 Rf8 18. Bd5 Rxf1+ 19. Kxf1 Nf6 20. Bc6 Bb7 21. Bxb7 Rxb7 22. Nd2 c5 23. c4 b4 24. Ke2 Ke7 25. g4 Ke6 26. e4 Rb8 27. Ke3 Rc8 28. Rg1 Nd7 29. g5 h5 30. Rd1 g6 31. Nf3 Rg8 32. Rd5 Rg7 33. Ne1 Rg8 34. Nd3 Rc8 35. b3 Rc7 36. Nb2 Rc8 37. Na4 Rc6 38. Kd3 Rd6 39. Nb6 Nf8 40. Ke3 Rxd5 41. cxd5+ Ke7 42. Kd3 Nh7 43. Na4 Kd6 44. Nb2 Nxg5 45. Nc4+ Kc7 46. Nxe5 Nxh3 47. Nxg6 Nf2+ 48. Ke3 Ng4+ 49. Kd3 Nf2+ 50. Ke3 Ng4+ 51. Kd3 Nf2+ 1/2-1/2

[Event "Veliko Gradiste Silver Lake op"]
[Site "Veliko Gradiste"]
[Date "2016.06.21"]
[Round "4"]
[White "Djokic, Nebojsa"]
[Black "Jevtic, Miroljub L"]
[Result "1-0"]
[WhiteElo "2265"]
[BlackElo "2039"]
[PlyCount "41"]
[EventDate "2016.06.19"]
[EventType "swiss"]
[EventRounds "9"]
[EventCountry "SRB"]
[SourceTitle "EXT 2017"]
[Source "ChessBase"]
[SourceDate "2016.10.25"]
[SourceVersion "1"]
[SourceVersionDate "2016.10.25"]
[SourceQuality "1"]

1. e4 e5 2. Nf3 Nc6 3. Bb5 Nf6 4. 0-0 Bc5 5. Nxe5 Nxe5 6. d4 Bb6 7. dxe5 Nxe4 8. Qg4 c6 9. Qxg7 Rf8 10. Bh6 Bc5 11. Bd3 Nxf2 12. Rxf2 Qh4 13. Kh1 Qxf2 14. Nc3 Kd8 15. Ne4 Qd4 16. Nxc5 Re8 17. Qf6+ Kc7 18. Nb3 Qd5 19. Bf4 Kb6 20. Rd1 Re6 21. Qd8# 1-0

[Event "Veliko Gradiste Silver Lake op"]
[Site "Veliko Gradiste"]
[Date "2016.06.19"]
[Round "1"]
[White "Savic, Miodrag R"]
[Black "Djokic, Nebojsa"]
[Result "1-0"]
[WhiteElo "2503"]
[BlackElo "2265"]
[PlyCount "99"]
[EventDate "2016.06.19"]
[EventType "swiss"]
[EventRounds "9"]
[EventCountry "SRB"]
[SourceTitle "CBM 173 Extra"]
[Source "ChessBase"]
[SourceDate "2016.08.29"]
[SourceVersion "1"]
[SourceVersionDate "2016.08.29"]
[SourceQuality "1"]

1. e4 c5 2. c3 Nf6 3. e5 Nd5 4. Nf3 Nc6 5. Bc4 Nb6 6. Bb3 d6 7. exd6 Qxd6 8. d4 cxd4 9. 0-0 Be6 10. Bxe6 Qxe6 11. Nxd4 Nxd4 12. Qxd4 Rd8 13. Qf4 g6 14. Nd2 Bg7 15. Nf3 0-0 16. Re1 Qc6 17. Qh4 e5 18. Bh6 f6 19. Be3 Nc4 20. Bc1 b5 21. Qh3 Rd7 22. b3 Nb6 23. Be3 Nd5 24. Rac1 Rfd8 25. Bd2 Nb6 26. Be3 Nd5 27. Bd2 Nb6 28. Re2 Rd6 29. Qh4 a6 30. h3 Qd7 31. c4 bxc4 32. bxc4 Qa4 33. c5 Qxh4 34. Nxh4 Rxd2 35. Rxd2 Rxd2 36. cxb6 Rb2 37. Rc6 e4 38. g4 a5 39. a4 f5 40. Rc8+ Bf8 41. gxf5 g5 42. Ng2 Rb1+ 43. Kh2 Rxb6 44. Ne3 Rb4 45. Kg3 Rxa4 46. Kg4 Ra2 47. Kxg5 Rxf2 48. Ng4 h6+ 49. Kg6 Rg2 50. f6 1-0

[Event "SRB-ch sf"]
[Site "Belgrade"]
[Date "2016.03.29"]
[Round "9"]
[White "Djokic, Nebojsa"]
[Black "Rabrenovic, Vladan"]
[Result "0-1"]
[WhiteElo "2278"]
[BlackElo "2391"]
[PlyCount "54"]
[EventDate "2016.03.21"]
[EventType "swiss"]
[EventRounds "9"]
[EventCountry "SRB"]
[SourceTitle "CBM 171 Extra"]
[Source "ChessBase"]
[SourceDate "2016.04.26"]
[SourceVersion "1"]
[SourceVersionDate "2016.04.26"]
[SourceQuality "1"]

1. e4 d6 2. d4 g6 3. Nc3 a6 4. Be3 Bg7 5. Qd2 b5 6. f3 Nd7 7. g4 Bb7 8. h4 h5 9. g5 e6 10. Nh3 Ne7 11. Bg2 c5 12. Ne2 Qc7 13. 0-0 cxd4 14. Nxd4 d5 15. exd5 Nxd5 16. Rae1 Nxe3 17. Rxe3 0-0 18. Nf2 Rad8 19. c3 Nb6 20. Rd3 Nc4 21. Qe2 Qg3 22. b3 Nb6 23. Rfd1 Nd5 24. Nxe6 fxe6 25. Qxe6+ Kh7 26. Ne4 Qxg2+ 27. Kxg2 Nf4+ 0-1

[Event "SRB-ch sf"]
[Site "Belgrade"]
[Date "2016.03.28"]
[Round "8"]
[White "Mitrovic, Marjan"]
[Black "Djokic, Nebojsa"]
[Result "0-1"]
[WhiteElo "2112"]
[BlackElo "2278"]
[PlyCount "153"]
[EventDate "2016.03.21"]
[EventType "swiss"]
[EventRounds "9"]
[EventCountry "SRB"]
[SourceTitle "CBM 171 Extra"]
[Source "ChessBase"]
[SourceDate "2016.04.26"]
[SourceVersion "1"]
[SourceVersionDate "2016.04.26"]
[SourceQuality "1"]

1. e4 c5 2. c3 e5 3. Nf3 Nc6 4. Bc4 Be7 5. 0-0 Nf6 6. Re1 0-0 7. a4 Nxe4 8. Bd5 Nf6 9. Bxc6 dxc6 10. Nxe5 Bd6 11. d4 cxd4 12. cxd4 Qc7 13. Nc3 Be6 14. Bf4 Nd5 15. Bg3 Nxc3 16. bxc3 Rfe8 17. Rb1 f6 18. Nd3 b6 19. Qf3 Ba2 20. Ra1 Bd5 21. Qg4 Bc4 22. Nf4 Bxf4 23. Bxf4 Qc8 24. Qg3 Qf5 25. Bh6 Qg6 26. Qxg6 hxg6 27. Be3 Kf7 28. Reb1 Ke6 29. a5 b5 30. Re1 Kd5 31. f3 a6 32. Kf2 g5 33. h3 Bd3 34. Rad1 Bc2 35. Rc1 Bf5 36. f4 g4 37. hxg4 Bxg4 38. Kg3 Bf5 39. Kf3 Re6 40. g4 Be4+ 41. Kg3 Rae8 42. Bd2 Rh8 43. Re3 f5 44. gxf5 Bxf5 45. Rxe6 Rh3+ 46. Kg2 Bxe6 47. Re1 Rd3 48. Re5+ Kd6 49. Re2 Bg4 50. Rf2 g6 51. Kf1 Kd5 52. Ke1 Rg3 53. Rh2 Ke4 54. Rh7 Kd3 55. Re7 Rf3 56. Re5 Bh3 57. Kd1 Bg2 58. Kc1 Rf2 59. Re3+ Kc4 60. Kc2 Rxf4 61. Re5 Be4+ 62. Kd1 Rg4 63. Ke2 Bd5 64. Re8 Rg2+ 65. Ke3 Rg3+ 66. Ke2 Kb3 67. Ra8 Kc2 68. Be1 Rg2+ 69. Kf1 Kd1 70. Rxa6 Re2 71. Bh4 Re3 72. Bd8 Rxc3 73. Rb6 Rf3+ 74. Kg1 g5 75. Rb7 g4 76. Rg7 g3 77. Be7 0-1